|
|
|
|
| LEADER |
01505nam a2200397 a 4500 |
| 001 |
nkc20112265189 |
| 003 |
CZ PrNK |
| 005 |
20140102091521.0 |
| 007 |
ta |
| 008 |
120228s2011 xr a e c 000 0 cze |
| 020 |
|
|
|a 978-80-7028-378-3
|q (brož.)
|
| 040 |
|
|
|a ABA001
|b cze
|
| 043 |
|
|
|a e-xr---
|
| 072 |
|
7 |
|a 666
|x Sklářství. Keramika. Cement
|2 Konspekt
|9 19
|
| 080 |
|
|
|a 666.189.1
|2 MRF
|
| 080 |
|
|
|a 688.76:398.332.416
|2 MRF
|
| 080 |
|
|
|a (437.3)
|2 MRF
|
| 080 |
|
|
|a (083.824)
|2 MRF
|
| 100 |
1 |
|
|a Poláková, Zdena,
|d 1954-
|7 jn20001103342
|4 aut
|
| 245 |
1 |
0 |
|a Skleněná krása, aneb, Historie nejen vánočních ozdob :
|b [Moravské zemské muzeum, Palác šlechtičen, 1.11.2011-26.2.2012 /
|c autor textu Zdeňka Poláková]
|
| 246 |
3 |
0 |
|a Historie nejen vánočních ozdob
|
| 260 |
|
|
|a Brno :
|b Moravské zemské muzeum,
|c 2011
|
| 300 |
|
|
|a 17 s. :
|b il. ;
|c 21 cm
|
| 500 |
|
|
|a Název z obálky
|
| 650 |
0 |
7 |
|a vánoční ozdoby ze skla
|7 ph183349
|z Česko
|2 czenas
|
| 650 |
0 |
7 |
|a vánoční dekorace
|7 ph127341
|z Česko
|2 czenas
|
| 650 |
0 |
9 |
|a glass Christmas decorations
|z Czechia
|2 eczenas
|
| 650 |
0 |
9 |
|a Christmas decoration
|z Czechia
|2 eczenas
|
| 655 |
|
7 |
|a katalogy výstav
|7 fd132536
|2 czenas
|
| 655 |
|
9 |
|a exhibition catalogs
|2 eczenas
|
| 710 |
2 |
|
|a Palác šlechtičen (Brno, Česko)
|7 mzk2007378633
|
| 910 |
2 |
|
|a BOA001
|b 2-1314.565
|
| 990 |
|
|
|a BK
|
| 995 |
|
|
|a 11
|
| 991 |
|
|
|b 201401
|e n
|
| 996 |
6 |
|
|b 2610570343
|c 2-1314.565
|l MZK
|r Sklad / do 1 hodiny
|n 1
|p p.v.
|w 001384205
|u 000010
|a 1
|e BOA001
|j MZK50
|s P
|